000 00464 a2200157 4500
020 _a0521791723
040 _aDLC
_bDLC
100 1 _aGoldreich, Oded.
245 1 0 _aFoundations of cryptography
_cOded Goldreich.
260 _aCambridge :
_bCambridge University Press,
_c2001.
300 _a2 v. :
_bill.
505 0 _av. 1. Basic tools --v. 2. Basic applications.
650 0 _aCoding theory.
650 0 _aCryptography
_xMathematics.
942 _cBK
_k005.8 GOL
_2ddc
999 _c5933
_d5933